000 00428nam a2200169Ia 4500
008 130814t2011 xxu||||| |||| 00| 0 sin d
041 _asin
080 _aX8S31
_bANH
100 _aAnhettigama, Wimalsiri
245 _aමල් වැස්ස
246 _aMal Wessa
260 _bJayasri Publishers
_aNittabuwa
_c2011
300 _a100p., 18 cm
942 _cBK
999 _c73690
_d73690
003 LK-CoDNM
040 _aLK-CoDNM
_dLK-CoDNM
_eLK-CoDNM